| 000 | 00855nam a22002651 4500 | ||
|---|---|---|---|
| 001 | 19491 | ||
| 003 | BD-RjUL | ||
| 005 | 20211209000436.0 | ||
| 008 | 140224s1945 nyu 000 1 eng | ||
| 035 | _a(BD-RjUL)19551 | ||
| 035 | _a(OCoLC)391851 | ||
| 040 |
_aDLC _cOKentU _dOCoLC _dOrPS _dDLC _dBD-RjUL _beng |
||
| 041 | _aeng | ||
| 082 |
_a813.5 _bBUT 1945 |
||
| 100 | 1 |
_aBuck, Pearl S. _q(Pearl Sydenstricker), _d1892-1973. _959882 |
|
| 245 | 1 | 0 |
_aTalk about Russia with Masha Scott / _cPearl S. Buck. |
| 260 |
_aNew York : _bThe John Day company, _cc1945. |
||
| 300 |
_a128 p. ; _c20 cm. |
||
| 500 | _a"Appeared serially in Asia and the Americans under the title Talks with Masha." | ||
| 651 | 0 |
_aSoviet Union _xSocial life and customs. _959883 |
|
| 700 | 1 |
_aScott, Masha. _959884 |
|
| 942 |
_2ddc _cBK |
||
| 999 |
_c19491 _d19491 |
||